000 00628nam a2200229Ia 4500
003 OSt
005 20220925225441.0
006 a|||||r|||| 00| 0
007 ta
008 220923b |||||||| |||| 00| 0 eng d
037 _cGeneral Book
040 _aRTL
_cRTL
_beng
041 _2eng
_aeng
082 _aY15-49, N1\TD
100 _aDavis K.
_9292457
245 0 _aGender of Power
260 _aLondon
_bSage Publication
_c1991
500 _aBibliography: p 299-301
700 _a Leijenaar M.
_9292458
942 _hY15-49, N1\TD
_cGB
_2CC
999 _c583551
_d583551